|
|
|
|
| LEADER |
00000nam a22000007a 4500 |
| 005 |
20200402134311.0 |
| 007 |
cr|||| |||| |
| 008 |
200402c20209999es fr|w s|||| 0|||b1spa d |
| 022 |
|
|
|a 2695-5253
|
| 035 |
|
|
|a 31368
|
| 040 |
|
|
|a vLex
|
| 090 |
|
|
|c 10272
|d 10272
|
| 245 |
0 |
0 |
|a Aforismos
|h [Recurso electrn̤ico] :
|b Revista cientf̕ica editada por la Asociacin̤ Humanista Universitaria
|
| 256 |
|
|
|a Servicio en ln̕ea
|
| 260 |
|
|
|a Madrid:
|b Dykinson,
|c 2020 -
|
| 300 |
|
|
|a 1 recurso electrn̤ico
|
| 310 |
|
|
|a Semestral
|
| 362 |
|
|
|a Nð 1-2020 (Ene. 2020) -
|
| 506 |
1 |
|
|a Disponible solo en los productos indicados
|d vLex Global
|d vLex Global (Academic Edition, excluding Law Schools)
|d vLex Global (U.S. Academic Edition, Law Schools)
|d vLex Global (U.S. Academic Edition, excluding Law Schools)
|d vLex Global (Academic Edition, Law Schools)
|
| 650 |
0 |
4 |
|a Derecho Militar
|z Espaą
|
| 740 |
0 |
|
|a vLex Revistas (Servicio en ln̕ea)
|
| 856 |
4 |
0 |
|u http://vlex.com/source/aforismos-revista-cientifica-editada-asociacion-humanista-universitaria-31368
|z Acceso restringido
|
| 942 |
|
|
|c REV
|
| 999 |
0 |
|
|a Military Law
|